LEADER 01045nam0-2200349---450- 001 990009617570403321 005 20120910115856.0 010 $a978-88-08-19583-8 035 $a000961757 035 $aFED01000961757 035 $a(Aleph)000961757FED01 035 $a000961757 100 $a20120910d2012----km-y0itay50------ba 101 1 $aita 102 $aIT 105 $ay-------001yy 200 1 $aDroghe e farmaci psicoattivi$fRobert M. Julien, Claire D. Advokat, Joseph E. Comaty 205 $a2. ed italiana condotta sulla 12. ed. americana 210 $aBologna$cZanichelli$d2012 215 $aXIV, 674 p.$cill.$d24 cm 454 0$12001$a<>primer of drug action$953630 676 $a615.78 700 1$aJulien,$bRobert M.$0314924 701 1$aAdvokat,$bClaire D.$0517491 701 1$aComaty,$bJoseph E.$0517492 801 0$aIT$bUNINA$gRICA$2UNIMARC 901 $aBK 912 $a990009617570403321 952 $a80 XIV E 17$binv.$fFFABC 959 $aFFABC 996 $aPrimer of drug action$953630 997 $aUNINA LEADER 01009nam0-2200361---450- 001 990008617720403321 005 20080216133319.0 010 $a978-0-387-30654-4 035 $a000861772 035 $aFED01000861772 035 $a(Aleph)000861772FED01 035 $a000861772 100 $a20080216d2008----km-y0itay50------ba 101 0 $aeng 102 $aUS 105 $aa-------001yy 200 1 $a<>introduction to sequential dynamical systems$fH. S. Mortveit, C. M. Reidys 210 $aNew York$cSpringer$dc2008 215 $axii, 248 p.$d24 cm 225 1 $aUniversitext 610 0 $aDinamica topologica 676 $a515.39$v22 700 1$aMortveit,$bHennings S.$0503059 701 1$aReidys,$bChristian M$0503060 801 0$aIT$bUNINA$gRICA$2UNIMARC 901 $aBK 912 $a990008617720403321 952 $aC-6-(187$b22964$fMA1 959 $aMA1 962 $a37BXX 962 $a05CXX 996 $aIntroduction to sequential dynamical systems$9715010 997 $aUNINA LEADER 01398nam--2200385---450- 001 990002866800203316 005 20101221095504.0 010 $a2-8027-1992-0 035 $a000286680 035 $aUSA01000286680 035 $a(ALEPH)000286680USA01 035 $a000286680 100 $a20070208d2005----km-y0itay50------ba 101 $afre 102 $aBE 105 $a||||||||001yy 200 1 $a<>application du droit international humanitaire et des droits de l'homme aux organisations internationales$eforces de paix et administrations civiles transitoires$fRobert Kolb, Gabriele Porretto, Sylvain Vité 210 $aBruxelles$cBruylant$d2005 215 $a500 p.$d24 cm 410 0$12001 606 0 $aDiritti dell'uomo$xDiritto internazionale 676 $a341.481 700 1$aKOLB,$bRobert$0267679 701 1$aPORRETTO,$bGabriele$0595815 701 1$aVITE,$bSylvain$0595816 801 0$aIT$bsalbc$gISBD 912 $a990002866800203316 951 $aXXIII.1.M. 551 (IG VIII 16 FR 457)$b52083 G.$cXXIII.1.M. 551 (IG VIII 16 FR)$d00121188 959 $aBK 969 $aGIU 979 $aIANNONE$b90$c20070208$lUSA01$h1210 979 $aRSIAV4$b90$c20091109$lUSA01$h1647 979 $aRSIAV4$b90$c20101221$lUSA01$h0955 996 $aApplication du droit international humanitaire et des droits de l'homme aux organisations internationales$9991271 997 $aUNISA